01223nam a2200265 a 450000100100000000500170001000800410002702000150006804000250008308200200010810000330012824500580016126000350021930000200025450000580027459000260033265000300035865000320038891000390042095201260045995201260058595201120071195201170082399900170094000001060120200929162245.0091008s2005 dr 000 p spa d a9993449210 aDO-SdBNPbspacBNPHU aRD861.44bP259c1 aParra, Carmen,d1966-92567913aEl cuarto rojo :bpoemario 1980-2004 /cCarmen Parra. aSanto Domingo :bGente,c2005. a83 p. ;c21 cm. aIncluye datos biográficos de la autora en la solapa aInventariado, 2018/LP 4aPoesía domincana925680 4aLiteratura domincana925681 aValidado. Control de calidad BNPHU 001054708DSaGRbGRcHDd2009-10-08iLF1l0oRD861.44p10601-30r2020-06-25te.3w2020-06-25yLFDSZPréstamo en sala 001054708DSaGRbGRcHDd2009-10-08iLF1l0oRD861.44p10601-40r2020-06-25te.4w2020-06-25yLFDSZPréstamo en sala 0010718PDaPDbPDcHDd2009-10-08iLF1l0oRD861.44p10601-10r2020-06-25w2020-06-25yLFPDZNo se presta 0010718PDaPDbPDcHDd2009-10-08iLF1l0oRD861.44p10601-20r2020-06-25te.2w2020-06-25yLFPDZNo se presta c10359d10359